000 00230nam a2200097Ia 4500
001 798210
005 20250826170823.0
008 250824s9999 xx 000 0 und d
245 0 _aHEMHAL
_cSAİT KÖŞK
260 _bPORTAKAL YAYINLARI
999 _c798210
_d798210